| 000 | 00491nam a2200181Ia 4500 | ||
|---|---|---|---|
| 003 | OSt | ||
| 005 | 20200908122813.0 | ||
| 008 | 190216s9999||||xx |||||||||||||| ||und|| | ||
| 020 | _a8183184596 | ||
| 040 | _coclc | ||
| 082 |
_a539.7 _bTAY/N |
||
| 100 |
_aTayal, D C _94343 |
||
| 245 | 0 |
_aNuclear Physics / _cD C Tayal |
|
| 260 |
_bHimalaya Publishing House, _c2000. _aMumbai: |
||
| 300 | _a679p | ||
| 650 | _aPhysics | ||
| 942 |
_cBK _2ddc _h539.7 _iTAY/N _k539.7 _mTAY/N |
||
| 999 |
_c33415 _d33415 |
||